000 00587nam a2200205Ia 4500
005 20250508164307.0
008 008 250505s9999 xx 000 0 eng d
020 _a81-7391-912-7
037 _aTextual
040 _aFEDL
_beng
_cFEDL
041 _aeng
_2eng
084 _a370.7, JAN
_qFEDL
100 _aJanardan Prasad
245 0 _aPrinciples and practices of teacher education
260 _aNew Delhi, India
_bKanishaka Publishers, Distributors
_c2007
300 _axvi,344p
650 _aEducation
942 _cTEXL
_h370.7, JAN
999 _c1388172
_d1388172